| 000 | 00832nam a22002297a 4500 | ||
|---|---|---|---|
| 005 | 20240530110600.0 | ||
| 008 | 160328s2013 ua g 000 0 ara d | ||
| 017 |
_a2012/17667 _bمصر . دار الكتب المصرية |
||
| 020 | _a9789774951183 | ||
| 040 | _aEG-CaGPL | ||
| 082 | 0 | 4 |
_221 _a121\ _bل ح |
| 100 | 1 | _aلوبون ، جوستاف . | |
| 245 | 1 | 0 |
_aحياة الحقائق / _cتاليف جوستاف لوبون ؛ نقله الى العربية عادل زعيتر . |
| 250 | _aط1. | ||
| 260 |
_aالقاهرة : _bدار العالم العربى ، _c2013 . |
||
| 300 |
_a182 ص ؛ _c24 سم . |
||
| 650 | 0 | 4 |
_aالديانات _xفلسفة . |
| 650 | 0 | 4 |
_aالاخلاق _xفلسفة . |
| 700 | 0 |
_aعادل زعيتر _eمترجم . |
|
| 942 |
_2ddc _cBK |
||
| 999 |
_c62657 _d62657 |
||